Sevilla intelectual (Record no. 41180)

MARC details
000 -LEADER
campo de control de longitud fija 01135nam a2200229 i 4500
001 - NÚMERO DE CONTROL
campo de control 41180
003 - IDENTIFICADOR DE NÚMERO DE CONTROL
campo de control ES-MaACL
005 - FECHA Y HORA DE LA ÚLTIMA TRANSACCIÓN
campo de control 20250804063402.0
007 - CAMPO FIJO DE DESCRIPCIÓN FÍSICA--INFORMACIÓN GENERAL
campo de control de longitud fija t|
008 - DATOS DE LONGITUD FIJA--INFORMACIÓN GENERAL
campo de control de longitud fija 030310s1896 sp |||| |cspa d
100 1# - ENTRADA PRINCIPAL--NOMBRE DE PERSONA
Nombre de persona Cascales Muñoz, José,
Fechas asociadas al nombre 1865-1933
9 (RLIN) 36269
245 10 - MENCIÓN DEL TÍTULO
Título Sevilla intelectual
Resto del título : sus escritos y artistas contemporáneos : setenta y cinco biografías de los mejores ingenios hispalenses, y un apéndice con estudios bibliográficos y críticos acerca de las obras de algunos más que no han sido biografiados /
Mención de responsabilidad, etc. por José Cascales Muñoz ; con un carta de Marcelino Menéndez y Pelayo.
260 ## - PUBLICACIÓN, DISTRIBUCIÓN, ETC.
Lugar de publicación, distribución, etc. Madrid :
Nombre del editor, distribuidor, etc. Librería de Victoriano Suárez,
Fecha de publicación, distribución, etc. 1896.
300 ## - DESCRIPCIÓN FÍSICA
Extensión XVI, 562 p. :
Otras características físicas 1 retr. autor ;
Dimensiones 19 cm.
530 ## - NOTA DISPONIBLE DE FORMULARIO FÍSICO ADICIONAL
Nota de formato físico adicional disponible Disponible en formato digital.
650 #4 - PUNTO DE ACCESO ADICIONAL DE MATERIA--TÉRMINO DE MATERIA
Término de materia o nombre geográfico como elemento de entrada Escritores españoles-
Subdivisión geográfica Sevilla-
Subdivisión general Biografías.
9 (RLIN) 164336
650 #4 - PUNTO DE ACCESO ADICIONAL DE MATERIA--TÉRMINO DE MATERIA
Término de materia o nombre geográfico como elemento de entrada Artistas-
Subdivisión geográfica Sevilla-
Subdivisión de forma Biografías.
9 (RLIN) 164337
700 1# - ENTRADA AGREGADA--NOMBRE PERSONAL
Nombre de persona Menéndez y Pelayo, Marcelino,
Fechas asociadas al nombre 1856-1912
9 (RLIN) 80332
852 ## - LOCALIZACIÓN
Ubicación ES-MaACL
Número de control de estantería F-8692
856 ## - LOCALIZACIÓN Y ACCESO ELECTRÓNICOS
Identificador Uniforme de Recursos <a href="http://bdh-rd.bne.es/viewer.vm?id=0000245136&page=1 ">http://bdh-rd.bne.es/viewer.vm?id=0000245136&page=1 </a>
Nota pública Biblioteca Digital Hispánica
Holdings
Estatus retirado Estado de pérdida Estado de daño No para préstamo Colección Biblioteca de origen Biblioteca actual Ubicación en estantería Fecha de adquisición Fuente de adquisición Total de préstamos Signatura topográfica completa Código de barras Visto por última vez Precio de reemplazo Tipo de ítem Koha
        Colección digital Biblioteca del Ateneo de Madrid Biblioteca del Ateneo de Madrid Sala Pecera Planta 2 17/01/2008     F-8692 1043354 23/02/2023 23/02/2023 Libro impreso antiguo